Bhaskaracarya's siddhantasiromani grahaganita with the vasanabhasya Vol. 1: Madhyama, spasta, triprasna adhikaras (Record no. 761249)

MARC details
000 -LEADER
fixed length control field 00753nam a22002057a 4500
020 ## - INTERNATIONAL STANDARD BOOK NUMBER
ISBN 9788198831736
100 ## - MAIN ENTRY--AUTHOR NAME
Personal name Sriram, M S
245 ## - TITLE STATEMENT
Title Bhaskaracarya's siddhantasiromani grahaganita with the vasanabhasya Vol. 1: Madhyama, spasta, triprasna adhikaras
Statement of responsibility, etc Translation with explanatory notes
260 ## - PUBLICATION, DISTRIBUTION, ETC. (IMPRINT)
Place of publication New Delhi
Name of publisher Hindustan book agency
Year of publication 2025
300 ## - PHYSICAL DESCRIPTION
Number of Pages xv+503
490 ## - SERIES STATEMENT
Series statement Culture and history of mathematics
500 ## - GENERAL NOTE
General note Culture and history of mathematics 13
650 ## - SUBJECT ADDED ENTRY--TOPICAL TERM
Topical Term Mathematics-history
650 ## - SUBJECT ADDED ENTRY--TOPICAL TERM
Topical Term Mathematical astronomy
650 ## - SUBJECT ADDED ENTRY--TOPICAL TERM
Topical Term Planetary theory
700 ## - ADDED ENTRY--PERSONAL NAME
Personal name Sita Sundar Ram (author)
700 ## - ADDED ENTRY--PERSONAL NAME
Personal name Venketeswara R Pai (author)
942 ## - ADDED ENTRY ELEMENTS (KOHA)
Source of classification or shelving scheme Dewey Decimal Classification
Koha item type Book
Holdings
Withdrawn status Lost status Source of classification or shelving scheme Damaged status Not for loan Collection code Home Library Current Location Shelving location Date acquired Source of acquisition Cost, normal purchase price Full call number Accession Number Price effective from Koha item type
    Dewey Decimal Classification     Gift or donation Dept. of Mathematics Dept. of Mathematics General Stacks 14/05/2026 032/NBHM 0038 (Gift from NBHM) 2600.00 510.954 SRI-B MATG289 02/07/2026 Book